[Event "Australian-ch 2020"]
[Site "Kogarah"]
[Date "2020.01.02"]
[Round "1.8"]
[White "Ng, Clive"]
[Black "Puccini, Jack"]
[Result "1/2-1/2"]
[WhiteElo "2061"]
[BlackElo "2265"]
[Annotator "ChessBase"]
[PlyCount "152"]
[EventDate "2020.01.02"]
[EventType "swiss"]
[EventCountry "AUS"]
[SourceTitle "playchess.com"]
[Source "ChessBase"]
[SourceQuality "1"]
[TimeControl "40/5400+30:1800+30"]

1. e4 {[%emt 0:00:00]} c5 {[%emt 0:00:00]} 2. Nf3 {[%emt 0:00:00]} d6 {[%emt 0:00:00]} 3. d4 {[%emt 0:00:00]} cxd4 {[%emt 0:00:00]} 4. Nxd4 {[%emt 0:00:00]} Nf6 {[%emt 0:00:04]} 5. Nc3 {[%emt 0:00:00]} a6 {[%emt 0:00:05]} 6. Be3 {[%emt 0:00:04]} e6 {[%emt 0:00:17]} 7. f3 {[%emt 0:00:29]} b5 {[%emt 0:00:22]} 8. Qd2 {[%emt 0:00:08]} Nbd7 {[%emt 0:00:22]} 9. g4 {[%emt 0:00:09]} Nb6 {[%emt 0:00:21]} 10. a4 {[%emt 0:00:15]} Nc4 {[%emt 0:00:05]} 11. Bxc4 {[%emt 0:00:06]} bxc4 {[%emt 0:00:04]} 12. a5 {[%emt 0:00:12]} Bb7 {[%emt 0:01:20]} 13. Na4 {[%emt 0:03:18]} d5 {[%emt 0:00:33]} 14. g5 {[%emt 0:03:34]} Nd7 {[%emt 0:01:12]} 15. exd5 {[%emt 0:01:16]} Bxd5 {[%emt 0:01:05]} 16. Rf1 {[%emt 0:30:58]} g6 {[%emt 0:16:40]} 17. f4 {[%emt 0:08:07]} Rb8 {[%emt 0:18:12]} 18. f5 {[%emt 0:04:56]} Bb4 {[%emt 0:04:04]} 19. c3 {[%emt 0:00:27]} Bxa5 {[%emt 0:00:42]} 20. fxe6 {[%emt 0:00:29]} fxe6 {[%emt 0:00:22]} 21. O-O-O {[%emt 0:14:02]} Qe7 {[%emt 0:04:26]} 22. Bf4 {[%emt 0:10:13]} O-O {[%emt 0:02:30]} 23. Bxb8 {[%emt 0:03:16]} Rxb8 {[%emt 0:00:17]} 24. Rde1 {[%emt 0:00:10]} Bc7 {[%emt 0:10:33]} 25. Nf5 {[%emt 0:12:19]} gxf5 {[%emt 0:00:17]} 26. Qxd5 {[%emt 0:00:30]} Qxg5+ {[%emt 0:00:36]} 27. Qd2 {[%emt 0:00:07]} Qxd2+ {[%emt 0:00:18]} 28. Kxd2 {[%emt 0:00:01]} Kf7 {[%emt 0:00:41]} 29. Re4 {[%emt 0:01:44]} Ne5 {[%emt 0:06:50]} 30. Rh4 {[%emt 0:01:10]} Kg6 {[%emt 0:00:44]} 31. Rg1+ {[%emt 0:01:26]} Ng4 {[%emt 0:00:14]} 32. h3 {[%emt 0:04:25]} Bf4+ {[%emt 0:06:21]} 33. Ke2 {[%emt 0:00:48]} Bg5 {[%emt 0:01:49]} 34. Rhxg4 {[%emt 0:00:12]} fxg4 {[%emt 0:00:05]} 35. Rxg4 {[%emt 0:00:01]} Kf5 {[%emt 0:03:47]} 36. Rxc4 {[%emt 0:00:04]} e5 {[%emt 0:00:22]} 37. Rc7 {[%emt 0:01:23]} h6 {[%emt 0:04:41]} 38. Rf7+ {[%emt 0:01:07]} Ke6 {[%emt 0:01:30]} 39. Ra7 {[%emt 0:00:21]} Rd8 {[%emt 0:00:04]} 40. Nc5+ {[%emt 0:01:37]} Kf5 {[%emt 0:10:05]} 41. Rf7+ {[%emt 0:00:36]} Kg6 {[%emt 0:01:43]} 42. Rd7 {[%emt 0:00:15]} a5 {[%emt 0:07:47]} 43. Rxd8 {[%emt 0:03:10]} Bxd8 {[%emt 0:00:06]} 44. Kf3 {[%emt 0:00:23]} Kf5 {[%emt 0:02:03]} 45. b3 {[%emt 0:01:26]} Bh4 {[%emt 0:01:56]} 46. c4 {[%emt 0:02:33]} Be1 {[%emt 0:06:32]} 47. Ne4 {[%emt 0:00:32]} Ke6 {[%emt 0:00:05]} 48. Ke2 {[%emt 0:01:55]} Bb4 {[%emt 0:00:50]} 49. Ng3 {[%emt 0:02:07]} Bc3 {[%emt 0:00:37]} 50. Kf3 {[%emt 0:01:03]} Be1 {[%emt 0:01:02]} 51. Nf1 {[%emt 0:00:29]} Kd6 {[%emt 0:02:07]} 52. Ne3 {[%emt 0:07:28]} Kc5 {[%emt 0:00:49]} 53. Ke4 {[%emt 0:01:08]} Bc3 {[%emt 0:00:52]} 54. Nd5 {[%emt 0:03:00]} Bb2 {[%emt 0:01:46]} 55. Kd3 {[%emt 0:03:55]} Ba1 {[%emt 0:00:47]} 56. Ne3 {[%emt 0:01:24]} Bb2 {[%emt 0:02:11]} 57. Ng4 {[%emt 0:01:00]} h5 {[%emt 0:11:40]} 58. Nf6 {[%emt 0:01:10]} Kb4 {[%emt 0:00:16]} 59. Kc2 {[%emt 0:00:20]} Bd4 {[%emt 0:00:09]} 60. Nxh5 {[%emt 0:01:35]} a4 {[%emt 0:00:18]} 61. bxa4 {[%emt 0:00:14]} Kxc4 {[%emt 0:00:20]} 62. Nf6 {[%emt 0:01:26]} Bf2 {[%emt 0:02:18]} 63. Kd2 {[%emt 0:01:43]} Kb4 {[%emt 0:00:38]} 64. Ng4 {[%emt 0:00:22]} Bh4 {[%emt 0:00:52]} 65. Nxe5 {[%emt 0:00:36]} Kxa4 {[%emt 0:00:07]} 66. Ke3 {[%emt 0:00:20]} Kb5 {[%emt 0:00:17]} 67. Kf4 {[%emt 0:00:36]} Kc5 {[%emt 0:02:04]} 68. Kg4 {[%emt 0:00:27]} Be7 {[%emt 0:00:18]} 69. Kf5 {[%emt 0:00:48]} Bh4 {[%emt 0:00:39]} 70. Kg4 {[%emt 0:00:39]} Be7 {[%emt 0:00:05]} 71. Nf3 {[%emt 0:00:13]} Kd6 {[%emt 0:00:54]} 72. Kf5 {[%emt 0:00:09]} Kd7 {[%emt 0:00:20]} 73. Ng5 {[%emt 0:00:08]} Ke8 {[%emt 0:00:23]} 74. h4 {[%emt 0:02:21]} Bxg5 {[%emt 0:00:07]} 75. Kxg5 {[%emt 0:00:06]} Kf7 {[%emt 0:00:06]} 76. Kh6 {[%emt 0:00:03]} Kg8 {[%emt 0:00:05]} 1/2-1/2

[Event "Australian-ch 2020"]
[Site "Kogarah"]
[Date "2020.01.02"]
[Round "1.9"]
[White "Zhang, Jilin"]
[Black "Parle, Hughston"]
[Result "1-0"]
[WhiteElo "2237"]
[BlackElo "2057"]
[Annotator "ChessBase"]
[PlyCount "53"]
[EventDate "2020.01.02"]
[EventType "swiss"]
[EventCountry "AUS"]
[SourceTitle "playchess.com"]
[Source "ChessBase"]
[SourceQuality "1"]
[TimeControl "40/5400+30:1800+30"]

1. e4 {[%emt 0:00:00]} c5 {[%emt 0:00:00]} 2. Nf3 {[%emt 0:00:01]} d6 {[%emt 0:00:00]} 3. d4 {[%emt 0:00:30]} cxd4 {[%emt 0:00:30]} 4. Nxd4 {[%emt 0:00:30]} Nf6 {[%emt 0:00:30]} 5. Nc3 {[%emt 0:00:30]} a6 {[%emt 0:00:30]} 6. Be2 {[%emt 0:00:30]} e5 {[%emt 0:00:30]} 7. Nb3 {[%emt 0:00:30]} Be7 {[%emt 0:00:30]} 8. O-O {[%emt 0:00:30]} O-O {[%emt 0:00:30]} 9. Be3 {[%emt 0:00:30]} Be6 {[%emt 0:00:30]} 10. Qd2 {[%emt 0:00:30]} Nbd7 {[%emt 0:00:30]} 11. a4 {[%emt 0:00:30]} Rc8 {[%emt 0:00:30]} 12. Rfd1 {[%emt 0:00:30]} Qc7 {[%emt 0:00:30]} 13. a5 {[%emt 0:00:30]} Rfd8 {[%emt 0:00:30]} 14. Qe1 {[%emt 0:00:30]} Qc6 {[%emt 0:00:30]} 15. Bf3 {[%emt 0:00:30]} Nf8 {[%emt 0:00:30]} 16. Nc1 {[%emt 0:00:30]} Ng6 {[%emt 0:00:30]} 17. g3 {[%emt 0:00:30]} d5 {[%emt 0:00:30]} 18. exd5 {[%emt 0:00:30]} Nxd5 {[%emt 0:00:30]} 19. Bb6 {[%emt 0:00:30]} Rd6 {[%emt 0:00:30]} 20. Nd3 {[%emt 0:00:30]} Qe8 {[%emt 0:00:30]} 21. Nxd5 {[%emt 0:00:30]} Bxd5 {[%emt 0:00:30]} 22. Bg4 {[%emt 0:00:30]} Rc4 {[%emt 0:00:30]} 23. Nb4 {[%emt 0:00:30]} Re4 {[%emt 0:00:30]} 24. Qc3 {[%emt 0:00:30]} Rxg4 {[%emt 0:00:30]} 25. Nxd5 {[%emt 0:00:30]} Nf4 {[%emt 0:00:30]} 26. Nxe7+ {[%emt 0:00:30]} Kf8 {[%emt 0:00:30]} 27. Qc8 {[%emt 0:00:30]} 1-0

[Event "Australian-ch 2020"]
[Site "Kogarah"]
[Date "2020.01.02"]
[Round "1.10"]
[White "Bayaca, Sterling"]
[Black "McGowan, Cameron"]
[Result "0-1"]
[WhiteElo "1994"]
[BlackElo "2221"]
[Annotator "ChessBase"]
[PlyCount "68"]
[EventDate "2020.01.02"]
[EventType "swiss"]
[EventCountry "AUS"]
[SourceTitle "playchess.com"]
[Source "ChessBase"]
[SourceQuality "1"]
[TimeControl "40/5400+30:1800+30"]

1. c4 Nf6 2. Nc3 g6 3. e4 d6 4. g3 Bg7 5. Bg2 O-O 6. Nge2 c5 7. O-O Nc6 8. d3 Ne8 9. Be3 Nc7 10. Rb1 Rb8 11. d4 cxd4 12. Nxd4 Ne6 13. Nxe6 fxe6 14. Qd2 Qa5 15. Rbc1 Ne5 16. Qe2 a6 17. f4 Nc6 18. Rfd1 e5 19. Qd2 Bg4 20. Rf1 Nd4 21. h3 Be2 22. b3 Bxf1 23. Rxf1 e6 24. Rd1 b5 25. cxb5 axb5 26. Ne2 Qxd2 27. Rxd2 Nxe2+ 28. Rxe2 exf4 29. gxf4 e5 30. fxe5 Bxe5 31. Rd2 Rbc8 32. Rd3 Rc2 33. a3 Re2 34. Bd4 Re1+ 0-1

[Event "Australian-ch 2020"]
[Site "Kogarah"]
[Date "2020.01.03"]
[Round "2.1"]
[White "McGowan, Cameron"]
[Black "Kuybokarov, Temur"]
[Result "0-1"]
[WhiteElo "2221"]
[BlackElo "2523"]
[Annotator "TA"]
[PlyCount "30"]
[EventDate "2020.01.02"]
[EventType "swiss"]
[EventCountry "AUS"]
[SourceTitle "playchess.com"]
[Source "ChessBase"]
[SourceQuality "1"]

{[%evp 10,110,41,34,36,17,30,21,31,37,53,-37,-35,-56,-48,-53,-21,-27,10,-120,-116,-106,-94,-93,-83,-79,-50,-51,-52,-58,-20,-74,-76,-85,-22,-26,69,0,9,-35,-41,-37,-18,-61,-47,-104,-104,-104,-105,-110,-106,-107,-85,-85,-82,-86,-91,-84,-84,-104,-94,-84,-84,-104,-54,-87,-80,-110,-119,-120,-120,-113,-115,-129,-127,-395,-383,-445,-430,-12824,-12827,-12823,-12825,-12814,-12815,-12829,-12824,-12839,-12831,-12820,-9528,-12833,-5834,-12829,-12832,-12834,-12835,-12825,-2460,-1694,-1560,-12841,-12840]} 1. e4 e5 2. Nf3 Nc6 3. Bc4 Nf6 4. d3 h6 5. O-O d6 6. a4 g5 {C55: Two Knights: 4 d3, 4 d4 exd4 5 e5 and Max Lange Attack} 7. Re1 Bg7 8. c3 O-O {The position is equal.} 9. h3 d5 10. Bb5 $146 (10. exd5 $14 Nxd5 11. Nbd2) ({Predecessor:} 10. exd5 Nxd5 11. Nbd2 a6 12. Ne4 Nf4 13. a5 b5 14. axb6 cxb6 {1-0 (43) Karjakin,S (2782)-Mamedyarov,S (2808) Paris 2018}) 10... dxe4 $1 $15 11. Bxc6 $1 bxc6 12. Nxe5 Qd5 (12... Re8 $5 {[%cal Re8e5]} 13. d4 c5 $1 $15 {[%mdl 512]}) 13. d4 c5 14. f4 (14. b4 $11) 14... exf3 $1 $17 15. Nxf3 Rd8 {Played: g5-g4} 0-1

[Event "Australian-ch 2020"]
[Site "Kogarah"]
[Date "2020.01.03"]
[Round "2.2"]
[White "Ikeda, Junta"]
[Black "Bjelobrk, Igor"]
[Result "1/2-1/2"]
[WhiteElo "2438"]
[BlackElo "2403"]
[Annotator "TA"]
[PlyCount "37"]
[EventDate "2020.01.02"]
[EventType "swiss"]
[EventCountry "AUS"]
[SourceTitle "playchess.com"]
[Source "ChessBase"]
[SourceQuality "1"]

{[%evp 11,37,-8,-5,-6,10,2,11,8,4,8,10,-14,-6,-7,0,7,0,0,0,-20,-18,-19,-19,-27,-25,-47,-5,-10]} 1. e4 e5 2. Nf3 Nc6 3. Bb5 Nf6 4. d3 d6 5. Bxc6+ bxc6 6. O-O Be7 7. Re1 {C66: Ruy Lopez: Steinitz Defence} O-O 8. d4 Nd7 9. dxe5 $146 ({Predecessor:} 9. b3 Bf6 10. Bb2 exd4 11. Bxd4 c5 12. Bxf6 Qxf6 13. Nbd2 Ba6 {½-½ (42) Robson,R (2668)-Swiercz,D (2645) chess.com INT 2017}) 9... Nxe5 10. Nxe5 dxe5 11. Nd2 (11. Qe2 {looks sharper.} Qd4 12. Nc3 Be6 13. Rd1 Qb4 14. a3) 11... Be6 12. Qe2 a5 13. a4 Qc8 14. b3 f6 15. Ba3 Bxa3 16. Rxa3 Qb7 17. Raa1 Rfd8 18. Nf1 Qb4 19. Red1 {Accuracy: White = 70%, Black = 38%.} 1/2-1/2

[Event "Australian-ch 2020"]
[Site "Kogarah"]
[Date "2020.01.03"]
[Round "2.3"]
[White "Plant, John Stuart"]
[Black "Clarke, Brandon G I"]
[Result "0-1"]
[WhiteElo "1993"]
[BlackElo "2438"]
[Annotator "TA"]
[PlyCount "70"]
[EventDate "2020.01.02"]
[EventType "swiss"]
[EventCountry "AUS"]
[SourceTitle "playchess.com"]
[Source "ChessBase"]
[SourceQuality "1"]

{[%evp 9,70,0,0,0,6,0,0,8,7,6,40,4,14,0,7,13,0,-42,-23,-34,0,-24,4,4,32,-110,-89,-119,-114,-107,-91,-162,-152,-149,-144,-245,-241,-260,-257,-247,-229,-215,-211,-360,-327,-418,-422,-547,-380,-560,-470,-585,-470,-470,-206,-930,-915,-1238,-1216,-3279,-3041,-2480,-2413]} 1. b3 d6 2. Bb2 Nd7 3. e3 Ngf6 4. Nf3 e5 5. d4 (5. c4 g6 6. d4 Bg7 7. dxe5 Ng4 8. Be2 Ngxe5 9. Nxe5 Nxe5 10. Qd2 O-O 11. O-O Re8 12. Nc3 {1-0 (57) Nakamura,H (2763)-Jones,G (2677) chess.com INT 2018}) 5... e4 6. Nfd2 {A01: Nimzowitsch-Larsen Opening} d5 7. c4 c6 8. Nc3 {The position is equal.} Bd6 9. Be2 a6 10. f3 $146 ({Predecessor:} 10. Rc1 Nf8 11. cxd5 cxd5 12. f3 Bf5 13. fxe4 Nxe4 14. Ncxe4 dxe4 {½-½ (25) Shravann,S (1180)-Kumar,S (1481) Penang 2017}) 10... O-O 11. fxe4 Nxe4 12. Ndxe4 dxe4 13. g3 Nf6 14. Qd2 Re8 15. O-O-O b5 16. d5 $1 {[%cal Rd5c6]} b4 17. Nb1 (17. Na4 $14 {was the only good move.}) 17... c5 ({But not} 17... cxd5 $6 18. Bxf6 Qxf6 19. Qxd5 $11) 18. Rdf1 Ng4 19. h3 Ne5 20. Qc2 {[#]} (20. g4 $17) 20... Qg5 $1 $36 {[%mdl 2048] White is under strong pressure.} 21. Qxe4 f5 22. h4 (22. Qg2 $17) 22... Qxg3 ({Stronger than} 22... fxe4 23. hxg5 Nd3+ 24. Kc2 $14) 23. Qc2 Qxe3+ 24. Qd2 Ng4 25. Qxe3 Rxe3 ({Much less strong is} 25... Nxe3 26. Rfg1) 26. Kd2 (26. Bd1 {was the only defense.}) 26... f4 27. Rhg1 h5 28. Bd3 Rh3 {Strongly threatening ...f3.} 29. Rh1 (29. Be4 $142 Re3 30. Bg6) 29... Rg3 30. Bg6 Rg2+ 31. Kc1 Ne3 (31... Nf2 $142 32. Rhg1 f3) 32. Rhg1 $2 {[#]} (32. Be4 Rg3 33. Rf2) 32... f3 {Black is clearly winning.} 33. Nd2 Nxf1 34. Bf7+ Kxf7 35. Rxf1 f2 {Accuracy: White = 22%, Black = 51%.} 0-1

[Event "Australian-ch 2020"]
[Site "Kogarah"]
[Date "2020.01.03"]
[Round "2.4"]
[White "McClymont, Brodie"]
[Black "Solomon, Stephen J"]
[Result "1-0"]
[WhiteElo "2421"]
[BlackElo "2319"]
[Annotator "TA"]
[PlyCount "73"]
[EventDate "2020.01.02"]
[EventType "swiss"]
[EventCountry "AUS"]
[SourceTitle "playchess.com"]
[Source "ChessBase"]
[SourceQuality "1"]

{[%evp 19,73,0,4,0,7,0,20,7,14,0,23,29,62,74,76,57,232,231,360,347,364,356,342,347,373,316,288,85,260,222,223,155,266,259,381,353,520,525,517,492,952,929,895,925,1170,1162,1799,1654,2073,2034,29977,29978,29977,29978,5972,4672]} 1. e4 c5 2. Nf3 Nc6 3. d4 cxd4 4. Nxd4 Nf6 5. Nc3 e5 6. Ndb5 d6 7. Nd5 Nxd5 8. exd5 Nb8 {[%cal Bc6b8,Bb8d7,Bd7f6,Bf6g4][%mdl 32]} 9. a4 Be7 10. Be2 O-O 11. O-O {B33: Sicilian: Pelikan and Sveshnikov Variations} f5 (11... Nd7 12. Bd2 a6 13. Na3 a5 14. c3 f5 15. b4 f4 16. Nc4 b6 17. Re1 Kh8 18. Rb1 Ba6 {0-1 (33) Svidler,P (2729)-Grischuk,A (2759) Amsterdam 2019}) 12. Bd2 Nd7 13. a5 {The position is equal.} a6 14. Na3 Nf6 15. Bb4 Ng4 $146 ({Predecessor:} 15... Bd7 16. Nc4 Bb5 17. Nb6 Bxe2 18. Qxe2 {1-0 (71) Voll,A (2572)-Saidashev,A (2401) ICCF email 2015}) 16. Nc4 $36 {[%mdl 2048] White is really pushing.} Rf6 17. Ra3 h5 $2 ({Black should try} 17... Rf7 $14) 18. h3 $18 Rg6 (18... Nh6 $142 19. f4 (19. Bxh5 f4 $16) 19... Nf7 20. Bxh5 exf4 21. Bxf7+ (21. Rxf4 Ne5 $18) 21... Rxf7 22. Rxf4 g5) 19. hxg4 hxg4 20. Nb6 Rb8 21. Rc3 Bd7 22. Nxd7 Qxd7 23. Qd3 $2 (23. f3 $18 {is more deadly.}) 23... Kf7 $2 (23... e4 $16 {was necessary.} 24. Qd4 Kf7) 24. f4 {aiming for fxe5.} e4 25. Qc4 Rh8 {[#]} (25... Bf6 $16 {was called for.} 26. Qc7 Bd4+ 27. Rf2 Rd8) 26. Kf2 $1 Bf6 {[#]} (26... Bd8 $142 27. Rb3 Bh4+ 28. Ke3 Rgh6) 27. Qc7 $1 {[%cal Rc7d7]} Bd4+ (27... Rd8 $142 28. Rc4 Rh6) 28. Kg3 Ke7 29. Rc4 Qxc7 (29... Ba7 $142 30. Bc3 Rd8) 30. Rxc7+ Kd8 31. Rxb7 Rh7 32. Bc3 Be3 33. Bxa6 Rgh6 34. Re1 Rh3+ 35. gxh3 Rxh3+ 36. Kg2 Bxf4 37. Rh1 {Accuracy: White = 64%, Black = 20%.} 1-0

[Event "Australian-ch 2020"]
[Site "Kogarah"]
[Date "2020.01.03"]
[Round "2.5"]
[White "Wallis, Christopher"]
[Black "Zhang, Jilin"]
[Result "1-0"]
[WhiteElo "2322"]
[BlackElo "2237"]
[Annotator "TA"]
[PlyCount "53"]
[EventDate "2020.01.02"]
[EventType "swiss"]
[EventCountry "AUS"]
[SourceTitle "playchess.com"]
[Source "ChessBase"]
[SourceQuality "1"]

{[%evp 22,53,32,23,31,-9,9,27,27,-2,0,0,12,13,35,39,41,24,89,92,85,85,108,110,106,101,224,196,282,283,354,361,359,345]} 1. d4 Nf6 2. c4 g6 3. Nc3 d5 4. cxd5 Nxd5 5. e4 Nxc3 6. bxc3 Bg7 7. Nf3 c5 8. Be3 Qa5 9. Qd2 cxd4 10. cxd4 Qxd2+ 11. Kxd2 O-O 12. Rb1 Nc6 {D85: Exchange Grünfeld: Unusual White 7th moves and lines with 7 Nf3} 13. d5 (13. Bd3 e6 14. Rhc1 Rd8 15. Rc4 Bd7 16. Bg5 f6 17. Be3 b6 18. Ke2 Rac8 19. Rbc1 Bf8 20. g4 {0-1 (61) Akobian,V (2647)-Hansen,E (2629) chess.com INT 2018}) 13... Rd8 14. Bd3 Na5 {White has an edge.} 15. Bg5 f6 16. Bf4 {[#] aiming for Bc7.} e5 17. Be3 $36 {[%mdl 2048] White is pushing.} Bf8 18. Ke2 b6 19. Nd2 Bb7 $146 (19... Ba3 $11) ({Predecessor:} 19... Nb7 20. Rhc1 {½-½ (34) Renman,N (2416)-Aberg,A (2485) Sweden 2003}) 20. Nb3 $16 Nxb3 21. Rxb3 Rdc8 22. a4 Rc7 23. Ra1 Bc5 (23... f5 $16) 24. a5 Bxe3 (24... Kf7 $142 25. f3 (25. axb6 axb6 26. Rxa8 Bxa8 $16) 25... f5 26. Bxc5 (26. exf5 Bxd5 27. fxg6+ hxg6 $14) (26. axb6 axb6 27. Rxa8 Bxa8 $16) 26... Rxc5 27. axb6 a5) 25. Kxe3 $18 bxa5 26. d6 ({Not} 26. Rxa5 Bc8 $16) 26... Rd7 27. Bb5 {Accuracy: White = 81%, Black = 24%.} ({Weaker is} 27. Rxa5 Bc6 $16) 1-0

[Event "Australian-ch 2020"]
[Site "Kogarah"]
[Date "2020.01.03"]
[Round "2.6"]
[White "Puccini, Jack"]
[Black "Kargosha, Bahman"]
[Result "1-0"]
[WhiteElo "2265"]
[BlackElo "2101"]
[Annotator "TA"]
[PlyCount "107"]
[EventDate "2020.01.02"]
[EventType "swiss"]
[EventCountry "AUS"]
[SourceTitle "playchess.com"]
[Source "ChessBase"]
[SourceQuality "1"]

{[%evp 24,107,0,0,0,0,0,0,0,0,0,0,0,-25,-25,-39,-12,-41,0,0,17,14,14,14,14,21,47,0,15,-57,0,0,0,0,0,0,480,473,416,298,262,265,279,264,248,253,259,239,356,353,310,293,417,175,185,156,158,85,502,451,455,369,509,381,483,483,616,554,500,488,29978,29979,29970,829,1307,1178,1843,1637,1381,1351,29982,29983,29993,29994,29994,29985]} 1. e4 e5 2. Nf3 Nc6 3. d4 exd4 4. Nxd4 Nf6 5. Nxc6 bxc6 6. e5 Qe7 7. Qe2 Nd5 8. g3 g6 9. c4 Ba6 10. b3 Bg7 11. Bb2 O-O 12. Bg2 Rae8 13. O-O $1 Bxe5 {C45: Scotch Game} 14. Qxe5 Qxe5 15. Bxe5 Rxe5 {The position is equal.} 16. cxd5 Bxf1 17. Kxf1 cxd5 18. Nc3 (18. f4 $5 {[%cal Rf4e5]} Re3 19. Bxd5 $11) 18... c6 19. Rd1 f5 (19... Rfe8 20. Bf3 Kf8 21. Ne2 {½-½ (41) Aronian,L (2765)-Amin,B (2709) Germany 2019}) 20. Bf3 {[#]} Kg7 $146 ({Predecessor:} 20... Rfe8 21. Na4 {½-½ (63) Ruan,L (2492)-Zhao,X (2549) Ankara 2012}) 21. Rd4 Rf7 22. Ne2 Rfe7 23. Ra4 g5 $1 {[%cal Rg5g4]} 24. h3 c5 $1 25. Nc3 d4 26. Nd5 (26. Nd1 $11) 26... g4 (26... Rf7 $1 $15) 27. Nxe7 gxf3 $11 {[%mdl 4096] Endgame KRN-KR} 28. Nc8 d5 {White must now prevent ...d3.} 29. Rxa7+ Kf6 $2 {[%mdl 8192] [#]} (29... Kf8 $1 $11 30. Nb6 (30. Rxh7 $2 d3 $19) 30... d3 31. Nd7+ {[%mdl 64] Double Attack} (31. Rxh7 d2 32. Nd7+ {[%mdl 64] Double Attack} Ke8 33. Nf6+ Kd8 34. Rh8+ Ke7 35. Nxd5+ Rxd5 36. Rh7+ Kf6 37. Rh6+ Ke5 38. Re6+ Kxe6 39. Kg1 d1=Q+ 40. Kh2 Qf1 41. h4 Qg2#) 31... Ke8 32. Nf6+ {[%mdl 64] Double Attack, Discovered Attack} (32. Nxe5 d2 $15) 32... Kf8 33. Nxh7+ (33. Nd7+ Ke8 $11) 33... Kg8 34. Nf6+ Kf8 35. Nd7+ Ke8 36. Nxe5 d2 37. Nxf3 (37. Ra8+ Ke7 $11) 37... d1=Q+ {[%mdl 64] Double Attack} 38. Kg2 c4) 30. Nb6 $1 $18 {[%cal Rb6d7] Threatens to win with Nd7+.} Kg5 {...d3 is the strong threat.} 31. Rg7+ Kh6 32. Rd7 Re2 {Strongly threatening ...d3.} 33. Rxd5 Rxa2 {[%cal Ra2a1]} 34. Ke1 Re2+ {[#]} 35. Kd1 $1 Rxf2 (35... Kg6 $142 36. Nd7 Rxf2) 36. Rxf5 (36. Rxc5 f4 $11) 36... Rf1+ 37. Kd2 Rf2+ (37... Kg6 $142 38. g4 (38. Rxc5 Rb1 $11) 38... f2) 38. Kd3 (38. Ke1 $142 Re2+ 39. Kf1) 38... Rb2 39. Kc4 Rc2+ 40. Kd5 ({White should play} 40. Kb5 {Hoping for Na4.} f2 41. Nc4) 40... Rc3 $2 {[%mdl 8192]} (40... d3 $16 41. Rxf3 d2) 41. Nc4 Rxb3 {If only Black now had time for ...f2....} 42. Nd2 Rb2 43. Nxf3 Rg2 44. g4 Rg3 45. Ke6 Kg7 46. Ne5 {Intending Rg5+ and mate.} h6 (46... Re3 $18 47. Rf7+ Kg8) 47. Rf7+ Kg8 48. Rf6 (48. Kf6 $142 Ra3 49. Rg7+ Kf8 50. Rc7 Ra6+ 51. Kf5 Ra2 52. Rxc5 Rf2+ 53. Ke4) 48... Re3 49. Rxh6 d3 50. Kf5 d2 51. Rd6 Rxh3 52. Rxd2 {White mates.} Rc3 53. Kg6 {[%cal Rd2d8]} Kf8 54. Nc6 {Accuracy: White = 54%, Black = 35%.} 1-0